| 000 | 00363nam a22001577a 4500 | ||
|---|---|---|---|
| 003 | OSt | ||
| 008 | 260324b |||||||| |||| 00| 0 eng d | ||
| 020 | _a9789364485944 | ||
| 082 | _a294.5923 DUM | ||
| 100 | _aDUTT,Ramnaryan | ||
| 245 | _aMahabharat Vol.5 | ||
| 250 | _a21st Ed | ||
| 260 |
_aGorakhpur _bGeeta Press _c2025 |
||
| 300 | _a1167p | ||
| 942 |
_2ddc _cREF |
||
| 999 |
_c13894 _d13894 |
||